Jaká budu umírat? / Christine Brydenová ; přeložil Václav Petr
Autobiografická zpověď ženy, u které se v pouhých šestačtyřiceti letech objevila Alzheimerova choroba a demence.
Autorka patřila k nadprůměrně inteligentním lidem, pracovala na významné pozici v úřadu australského premiéra a starala se o tři děti. Zdravotní problémy a výpadky paměti, které se u ní objevily, proto považovala za projevy vysokého pracovního nasazení. Vyšetření však bohužel ukázala, že se jedná o progresivní odumírání mozku - nejprve diagnostikovanou jako Alzheimerova choroba, poté demence. Christine Bryden se rozhodla s nemocí bojovat, pomáhala jí velmi také její víra v Boha. O svém životě se špatnou diagnózou napsala knihu. Kromě osobní výpovědi kniha přináší i mnoho odborných informací o projevech a průběhu Alzheimerovy choroby a demence.
Record details
- ISBN: 978-80-7387-641-8
- Physical Description: 190 s. : il. ; 20 cm
- Edition: Vyd. 1.
- Publisher: Praha : Triton, 2013
Content descriptions
| General Note: | Přeloženo z angličtiny |
Search for related items by subject
| Subject: | Bryden, Christine, 1949- pacienti s demencí > Velká Británie > 20.-21. stol. Alzheimerova choroba mentally ill > Great Britain > 20th-21st centuries Alzheimer's disease |
| Genre: | autobiografie autobiography |
Available copies
- 1 of 1 copy available at Common Catalog SPOK.
Holds
- 0 current holds with 1 total copy.
Show Only Available Copies
| Location | Call Number / Copy Notes | Barcode | Shelving Location | Status | Due Date |
|---|---|---|---|---|---|
| Jabok Library | SPr-3.6 | 424480035921 | Odborná literatura | Available | - |
| LDR | 05394nam a2201297 a 4500 | ||
|---|---|---|---|
| 001 | 19264 | ||
| 003 | CZ-PrJAB | ||
| 005 | 20150105160903.0 | ||
| 007 | ta | ||
| 008 | 130327s2013 xr a e 000 0acze | ||
| 015 | . | ‡acnb002448920 | |
| 020 | . | ‡a978-80-7387-641-8 ‡q(brož.) | |
| 035 | . | ‡a(CZ PrSKC)nkc20132448920 | |
| 035 | . | ‡a(OCoLC)842346186 | |
| 040 | . | ‡aOLA001 ‡bcze | |
| 041 | 1 | . | ‡acze ‡heng |
| 043 | . | ‡ae-uk--- | |
| 045 | . | ‡ax9x9 | |
| 072 | 7. | ‡a616.89 ‡xPsychiatrie ‡2Konspekt ‡914 | |
| 072 | 7. | ‡a929 ‡xBiografie ‡2Konspekt ‡98 | |
| 080 | . | ‡a616.892/.894-052 ‡2MRF | |
| 080 | . | ‡a929 ‡2MRF | |
| 080 | . | ‡a616.831-003.8+616.892/.894 ‡2MRF | |
| 080 | . | ‡a(410) ‡2MRF | |
| 080 | . | ‡a(092) ‡2MRF | |
| 100 | 1 | . | ‡aBryden, Christine, ‡d1949- ‡7ola2013753421 ‡4aut |
| 245 | 1 | 0. | ‡aJaká budu umírat? / ‡cChristine Brydenová ; přeložil Václav Petr |
| 250 | . | ‡aVyd. 1. | |
| 260 | . | ‡aPraha : ‡bTriton, ‡c2013 | |
| 300 | . | ‡a190 s. : ‡bil. ; ‡c20 cm | |
| 500 | . | ‡aPřeloženo z angličtiny | |
| 520 | . | ‡aAutobiografická zpověď ženy, u které se v pouhých šestačtyřiceti letech objevila Alzheimerova choroba a demence. | |
| 520 | . | ‡aAutorka patřila k nadprůměrně inteligentním lidem, pracovala na významné pozici v úřadu australského premiéra a starala se o tři děti. Zdravotní problémy a výpadky paměti, které se u ní objevily, proto považovala za projevy vysokého pracovního nasazení. Vyšetření však bohužel ukázala, že se jedná o progresivní odumírání mozku - nejprve diagnostikovanou jako Alzheimerova choroba, poté demence. Christine Bryden se rozhodla s nemocí bojovat, pomáhala jí velmi také její víra v Boha. O svém životě se špatnou diagnózou napsala knihu. Kromě osobní výpovědi kniha přináší i mnoho odborných informací o projevech a průběhu Alzheimerovy choroby a demence. | |
| 600 | 1 | 7. | ‡aBryden, Christine, ‡d1949- ‡7ola2013753421 ‡2czenas |
| 648 | 4. | ‡a1995-1998 | |
| 648 | 7. | ‡a20.-21. stol. ‡7ch462155 ‡2czenas | |
| 650 | 0 | 7. | ‡apacienti s demencí ‡7ph139028 ‡zVelká Británie ‡y20.-21. stol. ‡2czenas |
| 650 | 0 | 7. | ‡aAlzheimerova choroba ‡7ph117324 ‡2czenas |
| 650 | 0 | 9. | ‡amentally ill ‡zGreat Britain ‡y20th-21st centuries ‡2eczenas |
| 650 | 0 | 9. | ‡aAlzheimer's disease ‡2eczenas |
| 655 | 7. | ‡aautobiografie ‡7fd131855 ‡2czenas | |
| 655 | 9. | ‡aautobiography ‡2eczenas | |
| 700 | 1 | . | ‡aPetr, Václav, ‡d1953- ‡7mzk2006368295 ‡4trl |
| 765 | 0 | . | ‡tWho will I be when I die? ‡9Česky |
| 910 | . | ‡aABG312 | |
| 901 | . | ‡a19264 ‡b ‡c19264 ‡tbiblio | |